000 00750nam a2200181Ia 4500
008 100920s9999 xx 000 0 und d
082 _b85075
_a24 न 03
100 _aशिशीर कर्मेंदु.
245 _aराधा मोहन गोकुळ की प्रतिनिधी रचनाए.
260 _bसंभावना प्रकाशन, हापुड.
_c2003
300 _a257
_bसाधी
365 _b250
520 _aसायो.
630 _aराधा मोहन गोकुळ की प्रतिनिधी रचनाए.
650 _aसायो.
730 _aराधा मोहन गोकुळ की प्रतिनिधी रचनाए.
942 _cBOOK
999 _c725588
_d725585